[Event "TUR Cup"]
[Site "Denizli"]
[Date "2023.07.17"]
[Round "2"]
[White "Cilekaya, Tahir"]
[Black "Yildiz, Kerem Barkin"]
[Result "0-1"]
[WhiteElo "1396"]
[BlackElo "1323"]
[PlyCount "126"]
[EventDate "2023.07.16"]
[EventType "team-tourn"]
[EventRounds "9"]
[EventCountry "TUR"]
[SourceTitle "CBM 215 Extra"]
[Source "ChessBase"]
[SourceDate "2023.09.30"]
[SourceVersion "1"]
[SourceVersionDate "2023.09.30"]
[SourceQuality "1"]

1. d4 Nf6 2. c4 e6 3. Nc3 Bb4 4. Bg5 Bxc3+ 5. bxc3 b6 6. Nf3 Bb7 7. e3 d6 8. Bd3 Nbd7 9. Qe2 Qe7 10. 0-0 h6 11. Bh4 g5 12. Bg3 0-0-0 13. h3 Rdg8 14. e4 e5 15. Rfe1 h5 16. h4 Nh7 17. Qe3 gxh4 18. Nxh4 Nhf8 19. Nf5 Qe8 20. Bh4 Ng6 21. g3 Nxh4 22. Nxh4 Nf8 23. dxe5 Qxe5 24. Qd4 Qg5 25. e5 Ne6 26. Bf5 Qxf5 27. Nxf5 Nxd4 28. cxd4 Rg5 29. Nh4 dxe5 30. Rxe5 Rg4 31. Rd1 Rd8 32. Nf5 h4 33. c5 hxg3 34. fxg3 f6 35. Re3 bxc5 36. d5 Kb8 37. Ne7 Rd4 38. Rb1 Rb4 39. Reb3 Rb6 40. Rf1 Rd7 41. Re1 Bxd5 42. Rd3 Rbd6 43. Nf5 Re6 44. Rxe6 Bxe6 45. Rxd7 Bxd7 46. Ne3 Be6 47. a3 Kb7 48. Kf2 Kb6 49. Ke2 Kb5 50. Kd3 Ka4 51. Kc3 Kxa3 52. Nf1 Ka4 53. Nd2 Kb5 54. Ne4 f5 55. Ng5 Bd5 56. Nh3 a5 57. Nf4 c6 58. Nd3 a4 59. Kb2 c4 60. Ne5 Kb4 61. Nd7 a3+ 62. Kc2 a2 63. Kb2 c3+ 0-1

[Event "TUR-chT Clubs"]
[Site "Konya"]
[Date "2019.07.18"]
[Round "4.24"]
[White "Cilekaya, Tahir"]
[Black "Karakus, Ali"]
[Result "1-0"]
[WhiteElo "1405"]
[BlackElo "1338"]
[PlyCount "78"]
[EventDate "2019.07.16"]
[EventType "team-swiss"]
[EventRounds "9"]
[EventCountry "TUR"]
[SourceTitle "CBM 191 Extra"]
[Source "ChessBase"]
[SourceDate "2019.09.30"]
[SourceVersion "1"]
[SourceVersionDate "2019.09.30"]
[SourceQuality "1"]
[WhiteTeam "Edeler Gorme Engelliler"]
[BlackTeam "Dumlupinar Turk"]
[WhiteTeamCountry "TUR"]
[BlackTeamCountry "TUR"]

1. d4 Nf6 2. c4 e6 3. Nf3 d5 4. Nc3 c6 5. Bg5 Be7 6. e3 Nbd7 7. Bd3 0-0 8. 0-0 dxc4 9. Bxc4 b5 10. Bb3 a6 11. Re1 c5 12. Qe2 Bb7 13. Rad1 Qb6 14. dxc5 Nxc5 15. Bc2 Rfd8 16. Rxd8+ Rxd8 17. h3 h6 18. Bh4 Kf8 19. Ne5 Nfd7 20. Bxe7+ Kxe7 21. Nxd7 Rxd7 22. b4 Qc6 23. e4 Nd3 24. Nd5+ Kd8 25. Bxd3 exd5 26. exd5 Qxd5 27. Qe8+ Kc7 28. Be4 Qd2 29. Qe5+ Kc8 30. Bf5 Bc6 31. Bxd7+ Bxd7 32. Qc5+ Kd8 33. Qb6+ Kc8 34. Qxa6+ Kb8 35. Qb6+ Kc8 36. Qc5+ Kd8 37. Rc1 Qxa2 38. Qf8+ Be8 39. Rd1+ Kc7 1-0

[Event "TUR-chT Clubs"]
[Site "Konya"]
[Date "2019.07.17"]
[Round "2.21"]
[White "Cilekaya, Tahir"]
[Black "Kaynak, Cengizkaan"]
[Result "1-0"]
[WhiteElo "1405"]
[BlackElo "1304"]
[PlyCount "120"]
[EventDate "2019.07.16"]
[EventType "team-swiss"]
[EventRounds "9"]
[EventCountry "TUR"]
[SourceTitle "CBM 191 Extra"]
[Source "ChessBase"]
[SourceDate "2019.09.30"]
[SourceVersion "1"]
[SourceVersionDate "2019.09.30"]
[SourceQuality "1"]
[WhiteTeam "Edeler Gorme Engelliler"]
[BlackTeam "Akcakoca Palamut Bric"]
[WhiteTeamCountry "TUR"]
[BlackTeamCountry "TUR"]

1. d4 Nf6 2. c4 g6 3. Nf3 Bg7 4. Nc3 0-0 5. e4 d6 6. Be2 e5 7. d5 a5 8. 0-0 Na6 9. Bg5 h6 10. Bh4 g5 11. Bg3 Nh5 12. Nd2 Nxg3 13. fxg3 f5 14. exf5 Bxf5 15. Nde4 b6 16. Bg4 Qd7 17. Bxf5 Rxf5 18. Qe2 Raf8 19. Rxf5 Qxf5 20. Rf1 Qxf1+ 21. Qxf1 Rxf1+ 22. Kxf1 Kf7 23. Kf2 Ke7 24. Kf3 Nc5 25. Nxc5 bxc5 26. b3 h5 27. h3 Bh6 28. g4 hxg4+ 29. hxg4 Bg7 30. Ke4 Bf6 31. a4 Kf7 32. Nb5 Bd8 33. Na7 Ke7 34. Nc6+ Kd7 35. Nxa5 Kc8 36. Nc6 Bf6 37. b4 cxb4 38. Nxb4 Kb7 39. a5 Bh8 40. Kf5 e4 41. Kxe4 Bc3 42. Nc6 Bd2 43. Kf5 Ka6 44. Nd4 Bc1 45. Ne6 Kxa5 46. Nxc7 Kb4 47. Ne8 Bf4 48. Ke6 Kc5 49. Nf6 Kxc4 50. Ne4 Kd3 51. Nxd6 Ke2 52. Nf5 Kf2 53. g3 Bc7 54. d6 Bd8 55. d7 Kf3 56. Nh6 Kxg3 57. Kf7 Kf4 58. Ke8 Ba5 59. d8Q Bxd8 60. Kxd8 Ke5 1-0

[Event "TUR-chT Clubs"]
[Site "Konya"]
[Date "2019.07.17"]
[Round "3.11"]
[White "Demirbas, Fatih"]
[Black "Cilekaya, Tahir"]
[Result "1-0"]
[WhiteElo "1742"]
[BlackElo "1405"]
[PlyCount "76"]
[EventDate "2019.07.16"]
[EventType "team-swiss"]
[EventRounds "9"]
[EventCountry "TUR"]
[SourceTitle "CBM 191 Extra"]
[Source "ChessBase"]
[SourceDate "2019.09.30"]
[SourceVersion "1"]
[SourceVersionDate "2019.09.30"]
[SourceQuality "1"]
[WhiteTeam "Trabzon Feda"]
[BlackTeam "Edeler Gorme Engelliler"]
[WhiteTeamCountry "TUR"]
[BlackTeamCountry "TUR"]

1. e4 c6 2. d4 d5 3. exd5 cxd5 4. c4 e6 5. Nc3 Nc6 6. Nf3 Nf6 7. a3 a6 8. c5 Be7 9. Bd3 Qc7 10. 0-0 0-0 11. Re1 b6 12. b4 bxc5 13. bxc5 Bd7 14. Na4 Be8 15. Rb1 Nd7 16. Bd2 e5 17. dxe5 Ncxe5 18. Nxe5 Nxe5 19. Bf4 f6 20. Nb6 Rd8 21. Nxd5 Qxc5 22. Nxe7+ Qxe7 23. Bxe5 fxe5 24. Qc2 Kh8 25. Bxh7 Qxa3 26. Re3 Qd6 27. Rh3 Rf6 28. Bg6+ Kg8 29. Bxe8 Rxe8 30. Qh7+ Kf7 31. Rg3 Ke6 32. Rxg7 Rb8 33. Qh3+ Kd5 34. Rd1+ Ke4 35. Qe3+ Kf5 36. Rg5+ Ke6 37. Rxd6+ Kf7 38. Rxf6+ Kxf6 1-0

[Event "TUR-chT2"]
[Site "Konya"]
[Date "2018.07.15"]
[Round "9.23"]
[White "Cilekaya, Tahir"]
[Black "Turkmen, Musa"]
[Result "0-1"]
[WhiteElo "1438"]
[BlackElo "1323"]
[PlyCount "90"]
[EventDate "2018.07.10"]
[EventType "team-swiss"]
[EventRounds "9"]
[EventCountry "TUR"]
[SourceTitle "EXT 2019"]
[Source "ChessBase"]
[SourceDate "2018.10.10"]
[SourceVersion "1"]
[SourceVersionDate "2018.10.10"]
[SourceQuality "1"]
[WhiteTeam "Edeler Gorme"]
[BlackTeam "Corum Mavi Ay"]
[WhiteTeamCountry "TUR"]
[BlackTeamCountry "TUR"]

1. d4 d5 2. c4 e6 3. Nf3 Nf6 4. Bg5 c5 5. Bxf6 Qxf6 6. e3 Nc6 7. Nc3 cxd4 8. exd4 dxc4 9. Bxc4 Bb4 10. 0-0 a6 11. Ne4 Qf4 12. Qe2 0-0 13. a3 Be7 14. Bb3 Rd8 15. Rad1 b6 16. g3 Qg4 17. Qe3 Bb7 18. Bc2 Na5 19. Nfd2 Rac8 20. Bd3 f5 21. Nc3 Qg6 22. b4 Rxc3 23. bxa5 b5 24. Nb1 Rb3 25. Qe5 Bd6 26. Qe2 Bxa3 27. Nxa3 Rxa3 28. Qb2 Rxa5 29. Qb4 Ra4 30. Qe7 Rb8 31. Rc1 Qe8 32. Qc7 Rxd4 33. Be2 Rd7 34. Qe5 Bd5 35. Ra1 Qc8 36. Rfc1 Qb7 37. f3 Qb6+ 38. Kf1 Ra8 39. Rcb1 b4 40. Qf4 a5 41. Bc4 Qc5 42. Bxd5 Qxd5 43. Kg2 Qd2+ 44. Qxd2 Rxd2+ 45. Kg1 Rd4 0-1

[Event "TUR-chT2"]
[Site "Konya"]
[Date "2018.07.14"]
[Round "8.18"]
[White "Erdem, Huseyin Varol"]
[Black "Cilekaya, Tahir"]
[Result "1-0"]
[WhiteElo "1665"]
[BlackElo "1438"]
[PlyCount "61"]
[EventDate "2018.07.10"]
[EventType "team-swiss"]
[EventRounds "9"]
[EventCountry "TUR"]
[SourceTitle "EXT 2019"]
[Source "ChessBase"]
[SourceDate "2018.10.10"]
[SourceVersion "1"]
[SourceVersionDate "2018.10.10"]
[SourceQuality "1"]
[WhiteTeam "Duzce Belediye Genclik"]
[BlackTeam "Edeler Gorme"]
[WhiteTeamCountry "TUR"]
[BlackTeamCountry "TUR"]

1. e4 c6 2. d4 d5 3. e5 Bf5 4. g4 Bg6 5. h4 h6 6. h5 Be4 7. f3 Bh7 8. e6 g6 9. Bd3 Qd6 10. exf7+ Kxf7 11. hxg6+ Bxg6 12. Ne2 Bxd3 13. Qxd3 Bg7 14. Bf4 Qg6 15. Qb3 b6 16. c4 e6 17. cxd5 exd5 18. Nbc3 Nf6 19. 0-0-0 Nbd7 20. Ng3 Nf8 21. Nf5 Ne6 22. Be5 h5 23. Qc2 Qg5+ 24. Kb1 Nd7 25. f4 Qd8 26. Nd6+ Kg8 27. Qg6 Qe7 28. Rxh5 Ndf8 29. Rxh8+ Kxh8 30. Nf7+ Kg8 31. Qxg7+ 1-0

[Event "TUR-chT2"]
[Site "Konya"]
[Date "2018.07.11"]
[Round "3.20"]
[White "Cilekaya, Tahir"]
[Black "Altin, Kadir"]
[Result "0-1"]
[WhiteElo "1438"]
[BlackElo "1635"]
[PlyCount "64"]
[EventDate "2018.07.10"]
[EventType "team-swiss"]
[EventRounds "9"]
[EventCountry "TUR"]
[SourceTitle "EXT 2019"]
[Source "ChessBase"]
[SourceDate "2018.10.10"]
[SourceVersion "1"]
[SourceVersionDate "2018.10.10"]
[SourceQuality "1"]
[WhiteTeam "Edeler Gorme"]
[BlackTeam "Konya Selcuklu Belediyesi"]
[WhiteTeamCountry "TUR"]
[BlackTeamCountry "TUR"]

1. d4 d5 2. c4 c6 3. Nc3 Nf6 4. Nf3 a6 5. e3 Bg4 6. h3 Bh5 7. cxd5 cxd5 8. Be2 e6 9. 0-0 Be7 10. a3 0-0 11. Re1 Nbd7 12. Nd2 Bg6 13. Bf3 Nb6 14. Qe2 Rc8 15. e4 dxe4 16. Ncxe4 Qxd4 17. Nxf6+ Bxf6 18. Bxb7 Rc7 19. Bxa6 Rc2 20. Qe3 Qxe3 21. Rxe3 Nd5 22. Rb3 h5 23. Nf3 Nc7 24. Bd3 Bxd3 25. Rxd3 Bxb2 26. Bxb2 Rxb2 27. a4 Ra8 28. Ne5 Nd5 29. g3 f6 30. Nc6 Rb6 31. Nd4 Kf7 32. Nb5 Rxb5 0-1